MARC

LEADER 00000nam0a2200000 4500
001 128028
005 20231031132508.0
035 |a (RuTPU)RU\TPU\book\138482 
090 |a 128028 
100 |a 20071222d1973 m y0rusy50 ca 
101 0 |a rus 
102 |a RU 
105 |a a j 001zy 
200 1 |a Резьбошлифовальные работы  |e учебник  |f С. М. Тульпа 
205 |a 2-е изд. 
210 |a Москва  |c Высшая школа  |d 1973 
215 |a 304 с.  |c ил. 
225 1 |a Профтехобразование. Обработка металлов резанием 
320 |a Библиогр.: с. 299. 
610 1 |a резьбошлифование 
610 1 |a учебники 
610 1 |a шлифование 
675 |a 621.99(075.3)  |v 3 
675 |a 621.924(075.3)  |v 3 
700 1 |a Тульпа  |b С. М.  |g Спартак Матвеевич 
801 1 |a RU  |b 63413507  |c 20071222  |g PSBO 
801 2 |a RU  |b 63413507  |c 20150616  |g PSBO 
942 |c BK